| 000 | 00442nam a2200181Ia 4500 | ||
|---|---|---|---|
| 001 | 5129 | ||
| 005 | 20260306145845.0 | ||
| 008 | 260306t2019||||xx |||||||||||||| ||spa|| | ||
| 041 | _aESP | ||
| 082 |
_a333.73 _bP78 |
||
| 100 |
_aPorta Casanellas, Jaume, _eAUT |
||
| 245 | 0 |
_aEdafología : _buso y protección de suelos |
|
| 260 | _c2019 | ||
| 300 |
_a624 páginas : _c27 cm. |
||
| 650 | _aGEN | ||
| 654 | _aCAN | ||
| 942 |
_cLIB _dJUS _fJUS _2ddc _n |
||
| 999 |
_c5129 _d5129 |
||